Statistics for Top High School Recruit from every class since 2000

Click here to take the quiz!

General Stats

  • This quiz has been taken 10 times
  • The average score is 5 of 23

Answer Stats

Year of GraduationPosRecruit% Correct
2011EDGEJadeveon Clowney
67%
2018QBTrevor Lawrence
67%
2006IOLAndre Smith
44%
2019EDGENolan Smith
44%
2009QBMatt Barkley
33%
2021QBQuinn Ewers
33%
2016DTRashan Gary
33%
2022CBTravis Hunter
33%
2002QBVince Young
33%
2004RBAdrian Peterson
22%
2000MLBD.J. Williams
22%
2001RBKevin Jones
22%
2012WRDorial Green-Beckham
11%
2014RBLeonard Fournette
11%
2013EDGERobert Nkemdiche
11%
2020DTBryan Bresee
0%
2008EDGEDa'Quan Bowers
0%
2003MLBErnie Sims
0%
2005OTEugene Monroe
0%
2017EDGEJaelan Phillips
0%
2007RBJoe McKnight
0%
2010EDGERonald Powell
0%
2015DTTrenton Thompson
0%

Score Distribution

Percentile by Number Answered

Percent of People with Each Score

Your Score History

You have not taken this quiz